000 00335nam a22001457a 4500
999 _c4800
_d4798
005 20210920142350.0
008 160630b xxu||||| |||| 00| 0 eng d
041 _aeng
082 _b10890
_a338.88
245 _aInternational Business Environment
260 _bKings
_c2007
300 _a396
650 _aManagement
_9241
942 _cBK